000
00281nam a2200145Ia 4500
100
_a
Beighley/Lynn
650
_a
SQL
942
_c
BK
366
_f
25
245
_a
Head First SQL
260
_b
O'reilly
_c
2007
300
_a
571
546
_a
ENGLISH
_c
electronics
999
_c
34828
_d
34828